000 00313nam a22001337a 4500
008 170927b xxu||||| |||| 00| 0 eng d
020 _a9780205358380
041 _aeng
080 _25TH
_a37
100 _a47
101 _aEDU
245 _aCOMPREHENSIVE MULTICULTURAL EDUCATION
_cBENNETT,CH.I
942 _2udc
_cBK
999 _c30213
_d30213